000 00661nam a2200205Ia 4500
001 11078
003 IVS
005 20250626030832.0
008 211022s9999 xx 000 0 und d
040 _cIVS
082 _a720 ZAH
100 _aZahid Suleman Memon
245 0 _aHow is globalization affecting the identity and vernacular architecture of a place, specifically the small towns and villages of interior Sindh Specifically Hala.’
260 _aKarachi
260 _bIndus Valley School
260 _c2013
300 _a64
856 _uhttps://drive.google.com/file/d/12CiJhlqvJaQbm03mNOkCf3EwhyVZXmsw/view?usp=sharing
942 _cDISS
_2ddc
_n0
999 _c12721
_d12721